| Record ID | ia:princewilliambor0000juno |
| Source | Internet Archive |
| Download MARC XML | https://archive.org/download/princewilliambor0000juno/princewilliambor0000juno_marc.xml |
| Download MARC binary | https://www.archive.org/download/princewilliambor0000juno/princewilliambor0000juno_meta.mrc |
LEADER: 02621cam 2200505Ma 4500
001 ocn793671198
003 OCoLC
005 20180617124137.0
008 120516s2012 enkacf j b 001 0beng
040 $aAU@$beng$cAU@$dSINLB$dOCLCF$dOCLCO$dNSELP$dOCLCQ$dVP@$dCDX$dOCLCQ$dNZTOP$dOCLCA$dOCLCQ$dOCLCO$dOCLCA
015 $aGBB0E8947$2bnb
016 7 $a015716559$2Uk
019 $a794810484$a795867800$a1016521829
020 $a9781444720402$q(pbk.)
020 $a1444720406$q(pbk.)
020 $a9781444720396
020 $a1444720392
035 $a(OCoLC)793671198$z(OCoLC)794810484$z(OCoLC)795867800$z(OCoLC)1016521829
043 $ae-uk---
050 4 $aDA
082 04 $a941.086092$aB$223
100 1 $aJunor, Penny.
245 10 $aPrince William :$bborn to be king : an intimate portrait /$cPenny Junor.
246 30 $aBorn to be king
260 $aLondon :$bHodder & Stoughton,$c2012.
300 $a424 pages, [32] pages of plates :$billustrations (some color), portraits (some color) ;$c24 cm
336 $atext$btxt$2rdacontent
337 $aunmediated$bn$2rdamedia
338 $avolume$bnc$2rdacarrier
504 $aIncludes bibliographical references (page 412) and index.
520 $aHis childhood was a recipe for disaster, yet as he approaches his thirtieth birthday, William is as well-balanced and sane a man as you could hope to meet. He has an utter determination to do the right thing and to serve his country as his grandmother has so successfully done for the last sixty years. The question is how? Who stopped him going off the rails and turning his back on his duty? Where did the qualities that have so entranced the world come from?--Cover.
520 $aPrince William has emerged as the people's prince. He has surfaced from a lifetime of scrutiny and speculation as a discerning and charming young man, determined to serve the nation he loves. His wedding to long-term sweetheart Kate Middleton last year was watched by over two billion people around the world.
600 00 $aWilliam,$cPrince, Duke of Cambridge,$d1982-
650 0 $aPrinces$zGreat Britain$vBiography.
600 07 $aWilliam,$cPrince, Duke of Cambridge,$d1982-$2fast$0(OCoLC)fst01760420
650 7 $aPrinces.$2fast$0(OCoLC)fst01076481
651 7 $aGreat Britain.$2fast$0(OCoLC)fst01204623
655 7 $aBiography.$2fast$0(OCoLC)fst01423686
938 $aCoutts Information Services$bCOUT$n16579511
029 0 $aAU@$b000049126708
029 1 $aAU@$b000049191159
029 1 $aAU@$b000049509494
029 1 $aNZ1$b14212772
994 $aZ0$bPMR
948 $hNO HOLDINGS IN PMR - 130 OTHER HOLDINGS